000 00659nam a2200241Ia 4500
003 OSt
005 20220923225005.0
006 a|||||r|||| 00| 0
007 ta
008 220922b |||||||| |||| 00| 0 hin d
024 _a254,773
037 _cTextual
040 _aARTS
_cARTS
_bhin
041 _2hin
_ahin
082 _aO152,1(Delta):g(P), M6
100 _aशुक्ल
245 0 _aसंत साहित्य
246 _aSanta sāhitya
260 _c1986
650 _aहिन्दी साहित्य
_9156264
942 _hO152,1(Delta):g(P), M6
_cTEXL
_2CC
999 _c375272
_d375272